Loading...
| Fine Arts - Classical Music | 0 | 11 | 0 | 1 | 110 | 50 | 87.00 | 6 | 11 | 0.00 | 0.00 |
| Philosophy | 0 | 6 | 1 | 0 | 55 | 51 | 75.50 | 5 | 6 | 0.00 | 0.00 |
| Literature - World | 0 | 5 | 0 | 0 | 50 | 39 | 88.60 | 2 | 4 | 0.00 | 0.00 |
| Fine Arts - Painting & Sculpture | 0 | 4 | 0 | 2 | 40 | 73 | 111.75 | 2 | 4 | 0.00 | 0.00 |
| Science - Other | 0 | 4 | 1 | 0 | 35 | 67 | 82.25 | 2 | 4 | 0.00 | 0.00 |
| Science - Physics | 0 | 3 | 0 | 0 | 30 | 48 | 62.67 | 0 | 3 | 0.00 | 0.00 |
| History - Other | 0 | 3 | 0 | 0 | 30 | 58 | 74.00 | 2 | 3 | 0.00 | 0.00 |
| Other | 0 | 3 | 1 | 0 | 25 | 46 | 90.33 | 1 | 1 | 0.00 | 0.00 |
| Religion | 0 | 2 | 0 | 0 | 20 | 97 | 111.50 | 1 | 2 | 0.00 | 0.00 |
| History - European | 0 | 2 | 0 | 0 | 20 | 112 | 122.00 | 0 | 1 | 0.00 | 0.00 |
| Mythology | 0 | 2 | 1 | 0 | 15 | 109 | 115.50 | 0 | 2 | 0.00 | 0.00 |
| Literature - British | 0 | 1 | 0 | 0 | 10 | 81 | 81.00 | 1 | 1 | 0.00 | 0.00 |
| Fine Arts - Other | 0 | 1 | 1 | 0 | 5 | 60 | 60.00 | 1 | 1 | 0.00 | 0.00 |
| Literature - European | 0 | 1 | 1 | 0 | 5 | 120 | 120.00 | 0 | 0 | 0.00 | 0.00 |
| Literature - American | 0 | 1 | 1 | 0 | 5 | 40 | 40.00 | 1 | 1 | 0.00 | 0.00 |
| Social Science | 0 | 1 | 1 | 0 | 5 | 66 | 66.00 | 0 | 1 | 0.00 | 0.00 |